000 00874nam a22002057a 4500
005 20240527160515.0
010 _aHIN-127732
020 _c1000.00
_a9789394928343
035 _aHN-100078
037 _bDBAD
082 _a181.4
100 _aश्रीचन्दानी, सुरेश कुमार
_966965
245 _aज्ञान यात्रा/
_c सुरेश कुमार श्रीचन्दानी
260 _aअजमेर
_bपदमकान्ता प्रकाशन
_c2021
270 _a403/16,ठठेरा चौक
_bअजमेर
_e305001
300 _a105पृ.
_c22सेमी.(आजिल्द)
650 _aहिन्दी
_966966
700 _aश्रीचन्दानी, सुरेश कुमार
_966789
942 _2ddc
_cHN
_h181.4
_mश्रीचन्दा
999 _c203294
_d203294